Guia de las bibliotecas de la Diputación Provincial de Barcelona
MARC
| LEADER | 00000nam a2200000Ia 4500 | ||
|---|---|---|---|
| 001 | 1909 | ||
| 003 | Arxiu | ||
| 005 | 20260324175225.0 | ||
| 008 | 160829s19681972spcaxx s spa c | ||
| 017 | |a DL B.16597-1972 | ||
| 017 | |a DL B.12907-1968 | ||
| 040 | |a AGDB | ||
| 080 | |a FU-5-16 | ||
| 080 | |a FU-5-15 | ||
| 245 | 0 | 0 | |a Guia de las bibliotecas de la Diputación Provincial de Barcelona |
| 260 | |a Barcelona : |b Diputación Provincial de Barcelona, |c 1968-1972 | ||
| 300 | |a 2 volums : |b il·lustracions ; |c 21 cm | ||
| 590 | |a Hi ha un duplicat: DUP-65-1 | ||
| 590 | |a Al peu de la portada: III Asamblea de Instituciones Culturales de las Diputaciones Provinciales. Barcelona, 25 al 31 de marzo de 1968. | ||
| 590 | |a Hi ha un duplicat a: DUP-318 | ||
| 650 | 0 | |a Biblioteques públiques |x Barcelona (Catalunya : Província) |9 49209 | |
| 650 | 0 | |a Biblioteques públiques |x Barcelona (Província) |x Guies |9 22977 |2 Arxiu | |
| 710 | 1 | |a Barcelona (Catalunya : Província). |b Diputació |e entitat autora |9 52408 | |
| 901 | |a Arxiu | ||
| 942 | |n 1 |2 udc |c ARXIU | ||
| 952 | |0 0 |1 0 |4 0 |7 1 |9 41918 |a Arxiu |b Arxiu |d 2016-12-01 |h 1972 |o FU-5-16 |p 1909 |r 2016-12-01 00:00:00 |w 2016-12-01 |y ARXIU | ||
| 952 | |0 0 |1 0 |4 0 |7 1 |9 42392 |a Arxiu |b Arxiu |d 2016-12-01 |h 1968 |o FU-5-15 |p 1908 |r 2016-12-01 00:00:00 |w 2016-12-01 |y ARXIU | ||
| 999 | |c 44365 |d 44365 | ||